[Event "Leverkusen Bayer op 9th"]
[Site "Leverkusen"]
[Date "2011.02.07"]
[Round "3"]
[White "Raabe, Joachim"]
[Black "Winzer, Michael"]
[Result "1-0"]
[WhiteElo "1998"]
[BlackElo "1666"]
[PlyCount "89"]
[EventDate "2011.01.10"]
[EventType "swiss"]
[EventRounds "7"]
[EventCountry "GER"]
[SourceTitle "EXT 2012"]
[Source "ChessBase"]
[SourceDate "2011.11.24"]
[SourceVersion "1"]
[SourceVersionDate "2011.11.24"]
[SourceQuality "1"]

1. e4 c5 2. Nc3 Nc6 3. Bb5 Nf6 4. Bxc6 bxc6 5. f4 d6 6. d3 g6 7. Nf3 Qb6 8. b3 Bg7 9. Na4 Qc7 10. Bb2 0-0 11. 0-0 Re8 12. Qe1 Rb8 13. e5 Nh5 14. exd6 Qxd6 15. Bxg7 Nxg7 16. Qe5 Ne6 17. f5 Nd4 18. Qxd6 exd6 19. fxg6 hxg6 20. Ng5 Rb7 21. Ne4 Re6 22. c3 Nf5 23. Rae1 Rbe7 24. g4 Nh6 25. h3 Kg7 26. Rd1 f5 27. gxf5 gxf5 28. Nf2 Rg6+ 29. Kh1 Re2 30. d4 Be6 31. c4 Rxa2 32. dxc5 d5 33. Nc3 Rc2 34. cxd5 cxd5 35. Nxd5 Bd7 36. Ne7 Bb5 37. Nxg6 Bxf1 38. Rxf1 Kxg6 39. b4 Nf7 40. Nd3 Ng5 41. Rc1 Rd2 42. Nf4+ Kf6 43. c6 Ke5 44. c7 Nf3 45. Ng2 1-0